Štúdium oxidačnej odolnosti vysokoteplotnej keramiky na báze ZrB2-SiC diplomová práca
Na minha lista:
| Autor principal: | |
|---|---|
| Formato: | Livro |
| Idioma: | eslovaco |
| Publicado em: |
Bratislava
STU FCHPT
2014
|
| Acesso em linha: | View in OPAC |
| Tags: |
Sem tags, seja o primeiro a adicionar uma tag!
|
MARC
| LEADER | 00000nam a2200000 a 4500 | ||
|---|---|---|---|
| 005 | 20260127134334.0 | ||
| 008 | 140618 2014 000 0 slo d | ||
| 035 | |a vtls010604323 | ||
| 039 | 9 | |y 201406181154 |z mschk03 | |
| 040 | |a STUSCHK1 |b slo |c STUSCHK1 |e AACR2 | ||
| 100 | 1 | |a Kováčová, Zuzana | |
| 245 | 1 | |a Štúdium oxidačnej odolnosti vysokoteplotnej keramiky na báze ZrB2-SiC |b diplomová práca |c Zuzana Kováčová | |
| 260 | |a Bratislava |b STU FCHPT |c 2014 | ||
| 300 | |a 74 s. |b obr., tab. |c 30 cm | ||
| 500 | |a Obhájené: 10.6.2014 | ||
| 500 | |a Štud. program: chemické technológie | ||
| 500 | |a Štud. odbor: Chemické technológie | ||
| 500 | |a Škol. pracovisko: Odd. keramiky, skla a cementu | ||
| 500 | |a Evid. číslo: FCHPT-5439-68619 | ||
| 910 | |a SCHK95 | ||
| 999 | |c 10215 |d 10215 | ||